000 02209cam a2200265 4500500
005 20260322010719.0
041 _afre
042 _adc
100 1 0 _aYapi, Lawrence
_eauthor
245 0 0 _aDu normal dans le pathologique : le cas de la dépression
260 _c2014.
500 _a78
520 _aSuffisamment répandue pour être reconnue comme pathologie du psychisme, la dépression ne cesse de questionner sa participation à la dynamique psychopathologique. Au-delà des atermoiements et des coups de spleen, la pathologie dépressive signale un état de crise entre deux états que d’aucun dirait d’âme d’autre morbides. Dans les deux cas de figure, elle est la manifestation tantôt sourde, tantôt criante d’une difficulté à faire face à des positionnements, des ajustements psychologiques jonglant maladroitement avec des réalités mal investies, et des désirs non adaptés. Période d’entre deux, la dépression s’offre comme un espace où se jouent les butées et fixations, les remises en question et frustrations. Une période pour se dire enfin !
520 _aWidely spread to be well recognized as a psychic pathology, depression keeps questioning its involvement with the psychopathology dynamic. Far away from the hurt feelings and “spleen bangs”, depression fingers out, a state of crisis - ones could call state of spirit, other mind say state of morbidity. Whatever it is, both aspects, vividly visible or not, talk about a real difficulty to cope with psychological postures, psychological adjustments juggling uneasily with badly invested realities and some non adapted desires. An in-between period, depression offers to someone a space for hit bumps and fixations, self questioning and frustrations. A period to oneself revealing at least!
690 _adépression
690 _apériode d’entre deux
690 _apsychopathologie
690 _aspleen
690 _adépression
690 _ain-between period
690 _apsychopathology
690 _aspleen
786 0 _nPsy Cause | 66 | 2 | 2014-01-18 | p. 4-7 | 1245-2394
856 4 1 _uhttps://shs.cairn.info/revue-psy-cause-2014-2-page-4?lang=fr&redirect-ssocas=7080
999 _c1758755
_d1758755